000 00292nam a22001217a 4500
082 _a030
_bLEW/D
100 _aLEWIS, NORMAN
245 _aDICTIONARY OF WORD POWER
260 _aDELHI
_bW.R.GOYAL PUBLISHERS AND DISTRIBUTERS
_c2004
300 _a1232
650 _aDICTIONARY
_zINDIA
942 _cBK
999 _c1738
_d1738